[Event "31st Roquetas de Mar Open 2020"]
[Site "Roquetas de Mar"]
[Date "2020.01.03"]
[Round "3.3"]
[White "Alshameary Puente, Ismael"]
[Black "Bernadskiy, Vitaliy"]
[Result "0-1"]
[WhiteElo "2385"]
[BlackElo "2588"]
[Annotator "RC"]
[PlyCount "100"]
[EventDate "2020.01.02"]
[EventType "swiss"]
[EventCountry "ESP"]
[SourceTitle "playchess.com"]
[Source "ChessBase"]
[SourceQuality "1"]
[TimeControl "5400+30"]

1. d4 {[%emt 0:00:24]} e6 {[%emt 0:00:00]} 2. c4 {[%emt 0:02:30]} b6 {[%emt 0:00:00]} 3. Nf3 {[%emt 0:00:11]} Bb7 {[%emt 0:00:00]} 4. g3 {[%emt 0:00:52]} Bb4+ {[%emt 0:00:58]} 5. Bd2 {[%emt 0:02:08]} Bxf3 {[%emt 0:00:17]} 6. exf3 {[%emt 0:00:03]} Bxd2+ {[%emt 0:00:03]} 7. Qxd2 {[%emt 0:01:24]} Nf6 {[%emt 0:00:18]} 8. Nc3 {[%emt 0:00:42]} d5 {[%emt 0:02:54]} 9. cxd5 {[%emt 0:07:34]} Nxd5 {[%emt 0:01:38]} 10. Bg2 {[%emt 0:01:14]} Nc6 {[%emt 0:00:56]} 11. f4 {[%emt 0:02:14]} Nce7 {[%emt 0:00:49]} 12. O-O {[%emt 0:00:23]} O-O {[%emt 0:00:06]} 13. Rac1 {[%emt 0:01:32]} Rc8 {[%emt 0:00:12]} 14. Rfe1 {[%emt 0:06:25]} Qd7 {[%emt 0:00:54]} 15. Re5 {[%emt 0:09:00]} Nf6 {[%emt 0:04:09]} 16. Rd1 {[%emt 0:13:16]} Rfd8 {[%emt 0:02:37]} 17. Re2 {[%emt 0:02:51]} c6 {[%emt 0:05:12]} 18. Bh3 {[%emt 0:07:20]} Qb7 {[%emt 0:04:47]} 19. Qc2 {[%emt 0:01:53]} g6 {[%emt 0:01:26]} 20. Qb3 {[%emt 0:00:52]} Rd6 {[%emt 0:02:05]} 21. a4 {[%emt 0:06:32]} Qd7 {[%emt 0:04:01]} 22. a5 {[%emt 0:05:59]} b5 {[%emt 0:00:46]} 23. Qb4 {[%emt 0:06:02]} Ned5 {[%emt 0:15:36]} 24. Nxd5 {[%emt 0:07:47]} cxd5 {[%emt 0:03:39]} 25. Bf1 {[%emt 0:01:11]} a6 {[%emt 0:00:28]} 26. h4 {[%emt 0:00:48]} Rdc6 {[%emt 0:00:36]} 27. Bg2 {[%emt 0:02:25]} h5 {[%emt 0:00:37]} 28. Bf3 {[%emt 0:04:51]} Qd8 {[%emt 0:00:43]} 29. Kg2 {[%emt 0:01:57]} Rc4 {[%emt 0:00:42]} 30. Qe1 {[%emt 0:00:02]} Qf8 {[%emt 0:00:10]} 31. b3 {[%emt 0:01:33]} Rc3 {[%emt 0:00:57]} 32. Re3 {[%emt 0:00:40]} Rc2 {[%emt 0:00:05]} 33. Ra1 {[%emt 0:00:33]} Qg7 {[%emt 0:00:57]} 34. Re2 {[%emt 0:01:10]} R2c3 {[%emt 0:01:03]} 35. Re3 {[%emt 0:00:13]} R3c7 {[%emt 0:00:11]} 36. Rd1 {[%emt 0:00:33]} Nd7 {[%emt 0:00:44]} 37. f5 {[%emt 0:00:22]} gxf5 {[%emt 0:00:07]} 38. Bxh5 {[%emt 0:00:16]} Nf6 {[%emt 0:00:13]} 39. Bf3 {[%emt 0:00:19]} Rc2 {[%emt 0:01:16]} 40. Rd2 {[%emt 0:00:52]} R2c6 {[%emt 0:00:17]} 41. Rdd3 {[%emt 0:00:38]} Ne4 {[%emt 0:00:15]} 42. Bxe4 {[%emt 0:00:48]} fxe4 {[%emt 0:00:40]} 43. Rd1 {[%emt 0:00:52]} f5 {[%emt 0:00:11]} 44. Kh2 {[%emt 0:01:01]} Kf7 {[%emt 0:02:38]} 45. Qe2 {[%emt 0:01:09]} Rh8 {[%emt 0:00:06]} 46. Qf1 {[%emt 0:01:01]} f4 {[%emt 0:01:25]} 47. Ree1 {[%emt 0:00:01]} Rc2 {[%emt 0:01:18]} 48. Re2 {[%emt 0:00:53]} Rhc8 {[%emt 0:00:29]} 49. Rxc2 {[%emt 0:00:31]} Rxc2 {[%emt 0:00:04]} 50. Rc1 {[%emt 0:00:37]} Qxg3+ {[%emt 0:00:10]} 0-1

[Event "31st Roquetas de Mar Open 2020"]
[Site "Roquetas de Mar"]
[Date "2020.01.03"]
[Round "3.4"]
[White "Sivuk, Vitaly"]
[Black "Suarez Uriel, Adrian"]
[Result "1/2-1/2"]
[WhiteElo "2579"]
[BlackElo "2362"]
[Annotator "ChessBase"]
[PlyCount "69"]
[EventDate "2020.01.02"]
[EventType "swiss"]
[EventCountry "ESP"]
[SourceTitle "playchess.com"]
[Source "ChessBase"]
[SourceQuality "1"]
[TimeControl "5400+30"]

1. c4 {[%emt 0:01:30]} Nf6 {[%emt 0:00:00]} 2. Nc3 {[%emt 0:00:11]} e5 {[%emt 0:00:00]} 3. g3 {[%emt 0:00:36]} Bb4 {[%emt 0:00:00]} 4. e4 {[%emt 0:00:22]} Bxc3 {[%emt 0:01:21]} 5. dxc3 {[%emt 0:00:10]} d6 {[%emt 0:00:07]} 6. f3 {[%emt 0:00:10]} Be6 {[%emt 0:00:51]} 7. Nh3 {[%emt 0:00:27]} h6 {[%emt 0:00:14]} 8. Nf2 {[%emt 0:00:18]} Nc6 {[%emt 0:01:18]} 9. Be3 {[%emt 0:00:50]} Qe7 {[%emt 0:09:05]} 10. b3 {[%emt 0:01:02]} a5 {[%emt 0:02:15]} 11. a4 {[%emt 0:02:50]} Nd7 {[%emt 0:01:07]} 12. Qc2 {[%emt 0:00:58]} Nc5 {[%emt 0:08:53]} 13. Bg2 {[%emt 0:01:08]} O-O {[%emt 0:00:43]} 14. O-O {[%emt 0:03:21]} f5 {[%emt 0:02:57]} 15. Bxc5 {[%emt 0:07:44]} dxc5 {[%emt 0:00:18]} 16. exf5 {[%emt 0:00:06]} Bxf5 {[%emt 0:00:12]} 17. Ne4 {[%emt 0:00:14]} Rad8 {[%emt 0:01:00]} 18. Rae1 {[%emt 0:00:39]} Qd7 {[%emt 0:06:20]} 19. f4 {[%emt 0:04:33]} b6 {[%emt 0:04:00]} 20. Qe2 {[%emt 0:02:28]} Bg4 {[%emt 0:08:24]} 21. Qe3 {[%emt 0:00:44]} Bh3 {[%emt 0:09:32]} 22. Bxh3 {[%emt 0:19:38]} Qxh3 {[%emt 0:00:12]} 23. Nf2 {[%emt 0:08:05]} exf4 {[%emt 0:05:01]} 24. Nxh3 {[%emt 0:02:44]} fxe3 {[%emt 0:00:13]} 25. Rxe3 {[%emt 0:00:05]} Rxf1+ {[%emt 0:11:41]} 26. Kxf1 {[%emt 0:00:05]} g5 {[%emt 0:00:30]} 27. Nf2 {[%emt 0:03:51]} Kf7 {[%emt 0:00:52]} 28. Ke2 {[%emt 0:00:29]} Rd6 {[%emt 0:00:29]} 29. Rf3+ {[%emt 0:01:51]} Ke7 {[%emt 0:00:49]} 30. Ng4 {[%emt 0:00:21]} Re6+ {[%emt 0:00:37]} 31. Re3 {[%emt 0:09:16]} h5 {[%emt 0:00:22]} 32. Rxe6+ {[%emt 0:00:35]} Kxe6 {[%emt 0:00:02]} 33. Ne3 {[%emt 0:00:07]} Ne7 {[%emt 0:00:14]} 34. Kf3 {[%emt 0:03:51]} Ke5 {[%emt 0:00:16]} 35. h3 {[%emt 0:00:52]} 1/2-1/2

[Event "31st Roquetas de Mar Open 2020"]
[Site "Roquetas de Mar"]
[Date "2020.01.03"]
[Round "3.5"]
[White "Rojas Keim, Luis"]
[Black "Bjerre, Jonas Buhl"]
[Result "0-1"]
[WhiteElo "2371"]
[BlackElo "2535"]
[Annotator "TA"]
[PlyCount "64"]
[EventDate "2020.01.02"]
[EventType "swiss"]
[EventCountry "ESP"]
[SourceTitle "playchess.com"]
[Source "ChessBase"]
[SourceQuality "1"]

{[%evp 24,64,4,0,19,23,24,9,26,29,29,17,27,-7,-7,-8,0,-23,30,0,-6,-22,-4,-92,-58,-111,-93,-255,-259,-253,-154,-147,-164,-155,-95,-101,-83,-91,-75,-426,-415,-578,-572]} 1. e4 c5 2. Nf3 d6 3. d4 cxd4 4. Qxd4 Nc6 5. Bb5 Bd7 6. Bxc6 Bxc6 7. Nc3 Nf6 8. Bg5 e6 9. O-O-O Be7 10. Rhe1 O-O 11. Kb1 Qa5 12. Qd2 Qc7 13. Nd4 Rac8 {B53: Sicilian: 2...d6: Lines with Qxd4} 14. f3 a6 15. g4 b5 {The position is equal.} 16. Nce2 Bb7 17. Ng3 Rfe8 {[#]} 18. Rg1 $146 ({Predecessor:} 18. h4 Qc5 19. Rg1 b4 20. Be3 Qc4 21. Bg5 {1-0 (35) Zhigalko,S (2691)-Tihonov,J (2404) Minsk 2015}) 18... Nd7 19. Bxe7 Rxe7 20. Nh5 Ne5 (20... d5 $142) 21. Qg5 {[%csl Gh5][%cal Rg5g7] [#]} Ng6 22. Rg2 d5 23. exd5 (23. e5 $1 $11) 23... Bxd5 $17 24. Re2 ({White should play} 24. Qe3 $15) 24... Rd7 25. Rdd2 $2 (25. Red2 $17) 25... Rcd8 $19 26. b3 Bb7 27. Qe3 b4 $36 {[%mdl 2048] Black is on the roll.} 28. Rd3 {intending f4.} Qc5 (28... Kh8 $142 29. f4 Ne7) 29. Nxg7 $17 {[#] aiming for Nh5.} Rxd4 30. Nh5 {And now Qh6! would win.} Kh8 {...R8d5 is the strong threat.} 31. Rxd4 $4 {[%mdl 8192]} (31. Nf6 $17 Kg7 32. Nh5+ Kf8 33. Red2) 31... Qxd4 $19 32. Qh6 {White wants to mate with Rd2!} Qc3 {Accuracy: White = 24%, Black = 67%.} 0-1

[Event "31st Roquetas de Mar Open 2020"]
[Site "Roquetas de Mar"]
[Date "2020.01.03"]
[Round "3.6"]
[White "Manu David Suthandram R"]
[Black "Shariyazdanov, Andrey"]
[Result "1/2-1/2"]
[WhiteElo "2362"]
[BlackElo "2519"]
[Annotator "TA"]
[PlyCount "59"]
[EventDate "2020.01.02"]
[EventType "swiss"]
[EventCountry "ESP"]
[SourceTitle "playchess.com"]
[Source "ChessBase"]
[SourceQuality "1"]

{[%evp 14,59,0,-6,-6,-6,0,-1,0,-11,0,-2,0,-7,0,0,18,1,9,0,0,0,0,0,18,0,20,0,0,0,31,-23,65,79,130,137,160,92,86,85,201,208,208,211,216,199,224,217]} 1. e4 c5 2. Nf3 d6 3. c3 Nf6 4. Bc4 Nc6 5. d3 g6 6. O-O Bg7 7. Re1 O-O 8. Bb3 b5 {B50: Sicilian: 2...d6, Miscellaneous} 9. h3 Nd7 (9... Bb7 10. Nbd2 Rc8 11. Nf1 a5 12. a4 b4 13. Ng3 Nd7 14. Bg5 bxc3 15. bxc3 Bxc3 16. Rc1 Bxe1 17. Qxe1 {0-1 (42) Sevian,S (2666)-Nihal,S (2598) chess.com INT 2019}) 10. d4 Bb7 {The position is equal.} 11. Be3 a5 12. a4 b4 13. Nbd2 bxc3 14. bxc3 Ba6 15. Bc4 cxd4 16. Nxd4 {[#]} Nce5 $146 17. Bb5 Qc7 18. Qe2 $36 {[%mdl 2048] White has good play.} Bb7 19. N4b3 Rfc8 20. Rac1 Nc6 21. c4 Qd8 (21... Bb2 $5 {[%cal Rb2c1]}) 22. c5 (22. Rb1 $14) 22... dxc5 (22... Nxc5 $1 $11 23. Nxc5 dxc5) 23. Nc4 $14 ({Don't play} 23. Nxc5 $6 Nxc5 24. Bxc5 Nd4 $11) 23... Bd4 (23... Ba6 $142) 24. Red1 $16 {[%cal Rb3d4]} Qc7 {[#]} 25. Bxd4 ({Much worse is} 25. Nxd4 $6 cxd4 26. Bxd4 Nxd4 $14) (25. e5 $142 $1) 25... cxd4 26. Qd2 e5 {[#]} (26... Qb8 $16) 27. Ncxa5 $1 $18 {[%mdl 576] And now Bxc6 would win. Pin. White is clearly better.} Ndb8 {[%cal Ra8a5]} (27... Rxa5 28. Nxa5) 28. Nxb7 Qxb7 {[#]} 29. Rc5 $1 Rd8 30. Rdc1 {Accuracy: White = 58%, Black = 39%.} 1/2-1/2

[Event "31st Roquetas de Mar Open 2020"]
[Site "Roquetas de Mar"]
[Date "2020.01.03"]
[Round "3.7"]
[White "Klekowski, Maciej"]
[Black "Malovanyi, Yulian"]
[Result "1/2-1/2"]
[WhiteElo "2515"]
[BlackElo "2360"]
[Annotator "RC"]
[PlyCount "68"]
[EventDate "2020.01.02"]
[EventType "swiss"]
[EventCountry "ESP"]
[SourceTitle "playchess.com"]
[Source "ChessBase"]
[SourceQuality "1"]
[TimeControl "5400+30"]

1. c4 c5 2. Nf3 Nc6 3. d4 cxd4 4. Nxd4 g6 5. e4 Bg7 6. Be3 Nf6 7. Nc3 O-O 8. Be2 d6 9. O-O Nxd4 10. Bxd4 Bd7 11. Qd2 Bc6 12. f3 a5 13. b3 Nd7 14. Be3 Nc5 15. Rac1 Qb6 16. Nb5 Rfc8 17. Rfd1 Qd8 18. Nd4 Qf8 19. Rb1 Bd7 20. Bf1 h5 21. Rbc1 Kh7 22. Ne2 Bh6 23. Nf4 Bc6 24. Nd5 Bxd5 25. exd5 Re8 26. g3 e5 27. dxe6 Rxe6 28. Bxh6 Qxh6 29. Qxh6+ Kxh6 30. Rd5 Ra6 31. Kf2 Rb6 32. Rb1 Kg7 33. Be2 Kf6 34. Bd1 Re5 1/2-1/2

[Event "31st Roquetas de Mar Open 2020"]
[Site "Roquetas de Mar"]
[Date "2020.01.03"]
[Round "3.8"]
[White "Bobadilla Viera, Jorge Samuel"]
[Black "Sosa, Tomas"]
[Result "0-1"]
[WhiteElo "2348"]
[BlackElo "2508"]
[Annotator "TA"]
[PlyCount "76"]
[EventDate "2020.01.02"]
[EventType "swiss"]
[EventCountry "ESP"]
[SourceTitle "playchess.com"]
[Source "ChessBase"]
[SourceQuality "1"]

{[%evp 11,78,10,15,12,19,12,19,0,-8,0,21,-10,0,-17,0,0,0,-28,-28,-43,-34,-52,-33,-72,16,-42,-40,-70,-69,-73,-61,-169,-134,-134,-118,-141,-141,-162,-156,-158,-143,-217,-190,-209,-8,-433,-421,-422,-430,-414,-416,-509,-521,-572,-572,-561,-553,-541,-541,-565,-443,-732,-720,-720,-721,-699,-703,-684,-670]} 1. e4 e5 2. Nf3 Nc6 3. Bc4 Nf6 4. d3 Bc5 5. O-O d6 6. c3 a6 7. a4 {C54: Giuoco Piano: 4 c3 Nf6, main lines with 5 d4 and 5 d3} Ba7 8. Re1 O-O 9. Bg5 {The position is equal.} h6 10. Bh4 Kh7 $146 ({Predecessor:} 10... g5 11. Bg3 Nh7 12. Nbd2 Qf6 13. d4 h5 14. h3 h4 {1-0 (54) Duda,J (2729)-Giri,A (2779) Paris 2019}) 11. Bb3 g5 12. Bg3 g4 13. Bh4 Kg7 $36 {[%mdl 2048] White is under pressure.} 14. Nfd2 Ne7 $1 15. Bxf6+ $1 Kxf6 16. Nf1 h5 17. Nbd2 Ng6 (17... Kg7 $17) 18. Nc4 (18. Ng3 $11) 18... Kg7 $1 $15 19. Ng3 Qg5 $1 20. d4 h4 21. Nf1 (21. Nf5+ $1 $15 Bxf5 22. exf5) 21... exd4 22. cxd4 f5 23. exf5 Bxf5 ({Don't take} 23... Qxf5 24. Qd2 $15) 24. Nce3 Bd7 $1 25. Qd2 Rae8 26. Rac1 {[#]} (26. a5 $17 {was necessary.}) 26... Bb6 $1 $19 27. Bc2 {[#]} Rf4 $2 ({Better is} 27... Nf4 $1 $19 {...Bc6 is the strong threat.} 28. Red1 a5) 28. g3 $2 {[%mdl 8192]} (28. Bxg6 $1 $11 Kxg6 29. Nd5) 28... Rxd4 {[%mdl 64] Double Attack} 29. Nf5+ Qxf5 $1 30. Bxf5 Rxd2 {[%mdl 64] Discovered Attack} 31. Rxe8 Rxf2 {Black is clearly winning.} 32. Bxd7 {And now Kh1 would win.} Rc2+ $1 {[%mdl 64] Discovered Attack} 33. Ne3 Rxc1+ 34. Kf2 Ne5 {Threatens to win with ...Rc2+.} 35. Ke2 Kf7 36. Nd5 (36. Rxe5 $142 dxe5 37. Nxg4) 36... Rc2+ 37. Kd1 Rxh2 38. Re7+ Kf8 {Played: Kf7-g6} 0-1

[Event "31st Roquetas de Mar Open 2020"]
[Site "Roquetas de Mar"]
[Date "2020.01.03"]
[Round "3.9"]
[White "Martinez Fernandez, Adrian"]
[Black "Sadzikowski, Daniel"]
[Result "0-1"]
[WhiteElo "2334"]
[BlackElo "2501"]
[Annotator "TA"]
[PlyCount "76"]
[EventDate "2020.01.02"]
[EventType "swiss"]
[EventCountry "ESP"]
[SourceTitle "playchess.com"]
[Source "ChessBase"]
[SourceQuality "1"]

{[%evp 17,76,21,28,12,29,28,24,20,22,16,26,12,31,17,11,0,0,0,0,0,0,0,29,-77,-71,-91,-20,-31,-19,-21,-6,-208,-219,-212,-211,-218,-215,-216,-212,-227,-215,-226,-206,-226,-231,-301,-303,-407,-394,-664,-661,-749,-745,-735,-601,-597,-593,-616,-606,-725,-691]} 1. e4 c5 2. Nf3 d6 3. d4 cxd4 4. Nxd4 Nf6 5. Nc3 a6 6. Be3 e5 7. Nb3 Be6 8. f3 h5 9. Qd2 ({Predecessor:} 9. Nd5 Bxd5 10. exd5 Nbd7 11. Be2 g6 {1-0 (51) Tancsa,T (2157)-Ongut,T (2242) Budapest 2019}) 9... Nbd7 10. Nd5 {B90: Sicilian Najdorf: Unusual White 6th moves, 6 Be3 Ng4 and 6 Be3 e5} Bxd5 11. exd5 g6 12. Be2 $146 {White has an edge.} (12. O-O-O Bg7 13. Kb1 Qc7 14. Be2 O-O 15. g4 Rfc8 16. Rc1 hxg4 17. fxg4 {1-0 (55) Dominguez Perez,L (2758)-Giri,A (2769) Moscow 2019}) 12... Bg7 13. O-O b6 14. c4 O-O 15. Rac1 Re8 16. Na1 e4 17. f4 Ng4 18. Bxg4 hxg4 19. b4 a5 20. a3 (20. bxa5 $1 $11 Rxa5 21. Nb3) 20... axb4 $17 21. axb4 Ra3 (21... f5 $17) 22. Nc2 $11 Ra2 $36 {[%mdl 2048] White is under pressure.} 23. Qd1 $1 Qh4 24. Qe1 $2 {[#]} (24. Nd4 $11 {and White is okay.}) 24... Qxe1 $1 $19 25. Rfxe1 {[#]} Bb2 $1 26. Rb1 Rc8 27. c5 bxc5 ({But not} 27... dxc5 28. Re2) 28. bxc5 dxc5 29. Re2 Bg7 30. Rb7 Rd8 31. Rc7 Bf8 32. Kf2 Nf6 33. Rc6 $2 (33. d6 Bxd6 34. Rb7) 33... Nxd5 {Black is clearly winning.} 34. Rd2 Nb4 35. Nxb4 Raxd2+ 36. Bxd2 cxb4 37. Ke2 Rb8 38. f5 b3 {Accuracy: White = 48%, Black = 75%.} 0-1

[Event "31st Roquetas de Mar Open 2020"]
[Site "Roquetas de Mar"]
[Date "2020.01.03"]
[Round "3.10"]
[White "Wieczorek, Oskar"]
[Black "Revaliente Montoya, Ciro"]
[Result "1-0"]
[WhiteElo "2490"]
[BlackElo "2166"]
[Annotator "TA"]
[PlyCount "101"]
[EventDate "2020.01.02"]
[EventType "swiss"]
[EventCountry "ESP"]
[SourceTitle "playchess.com"]
[Source "ChessBase"]
[SourceQuality "1"]

{[%evp 20,101,32,37,36,32,32,41,40,36,36,36,36,36,36,36,36,29,32,37,39,45,48,33,40,31,52,60,122,127,132,125,131,127,148,150,154,143,244,228,249,248,237,160,269,262,359,359,341,356,437,320,430,410,385,311,568,508,556,550,539,536,507,471,506,487,1764,1460,12835,12835,12833,12834,12836,12834,12840,12840,12841,12841,12841,12842,12842,12843,12843,12843]} 1. e4 c5 2. Nf3 Nf6 3. e5 Nd5 4. Nc3 e6 5. Nxd5 exd5 6. d4 Nc6 7. dxc5 Bxc5 8. Qxd5 d6 9. exd6 Qb6 10. Qe4+ Be6 11. Qh4 Bxd6 {B29: Sicilian: 2 Nf3 Nf6 (Nimzowitsch Variation)} (11... f6 12. Bc4 Bxf2+ 13. Qxf2 Bxc4 14. b3 Qxf2+ 15. Kxf2 Bf7 16. c4 Kd7 17. Ba3 a5 18. Nd2 Rhe8 19. Rhe1 {½-½ (30) Anand,V (2759)-Mamedyarov,S (2808) Paris 2018}) 12. Bd3 Nb4 13. O-O {Hoping for Be4.} Nxd3 {White is slightly better.} 14. Qa4+ Qc6 15. Qxc6+ bxc6 16. cxd3 O-O 17. Bd2 a5 $146 ({Predecessor:} 17... Rfd8 18. Ba5 Rdb8 19. Bc3 {1-0 (74) Rosso,P (2269)-Costa Trillo,V (2228) ICCF email 2014}) 18. Bc3 Rfd8 19. Rfe1 Bc7 20. Nd4 Bd7 21. a3 Bb6 22. Nf3 Bf5 23. Ne5 $36 {[%mdl 2048] Black is under pressure.} Bxd3 ({Black should try} 23... Be6 $14) 24. Nxc6 $16 Rd6 25. Rad1 {[#] Ne5 is the strong threat.} Rxc6 26. Rxd3 h6 27. Kf1 Rac8 28. Re4 Rc4 (28... Kf8 $16 {was necessary.} 29. Rd7 Rd8) 29. Rxc4 $18 Rxc4 {[%mdl 4096] Endgame KRB-KRB} 30. Rd6 Bc7 31. Rd5 Kf8 (31... a4 $16 {keeps fighting.} 32. Ke2 f6) 32. g3 ({Much less strong is} 32. Bxa5 Bxa5 33. Rxa5 Rc1+ 34. Ke2 Rc2+ 35. Ke3 Rxb2 $16) 32... a4 33. Rd4 Rxd4 34. Bxd4 {KB-KB} g6 35. Ke2 Ke7 36. Kd3 Ke6 37. Kc4 f5 $2 {[#]} (37... Bb8 38. Kb5 Kd5) 38. Kb4 {White is clearly winning.} Kd5 39. Be3 Be5 40. Bc1 Bd4 41. Kxa4 g5 42. f3 g4 (42... Kc4 $142 43. b4 Bb6) 43. fxg4 fxg4 44. Kb5 h5 45. a4 {[%cal Ba3a4,Ba4a5,Ba5a6][%mdl 32]} Ke4 46. a5 Kf3 47. a6 Kg2 48. Kc6 Kxh2 49. Bf4 Kg2 50. b4 Kf3 51. Bd6 {Accuracy: White = 89%, Black = 37%.} 1-0

[Event "31st Roquetas de Mar Open 2020"]
[Site "Roquetas de Mar"]
[Date "2020.01.03"]
[Round "3.11"]
[White "Garcia Moreno, Carlos"]
[Black "Villanueva, Mario"]
[Result "1/2-1/2"]
[WhiteElo "2289"]
[BlackElo "2488"]
[Annotator "ChessBase"]
[PlyCount "136"]
[EventDate "2020.01.02"]
[EventType "swiss"]
[EventCountry "ESP"]
[SourceTitle "playchess.com"]
[Source "ChessBase"]
[SourceQuality "1"]
[TimeControl "5400+30"]

1. e4 {[%emt 0:00:00]} e6 {[%emt 0:04:46]} 2. d4 {[%emt 0:00:08]} d5 {[%emt 0:00:08]} 3. Nd2 {[%emt 0:00:30]} c5 {[%emt 0:00:18]} 4. exd5 {[%emt 0:00:48]} Qxd5 {[%emt 0:00:09]} 5. Ngf3 {[%emt 0:00:42]} cxd4 {[%emt 0:00:49]} 6. Bc4 {[%emt 0:00:26]} Qd8 {[%emt 0:00:16]} 7. O-O {[%emt 0:00:34]} Nc6 {[%emt 0:00:18]} 8. Nb3 {[%emt 0:00:59]} a6 {[%emt 0:00:51]} 9. Nbxd4 {[%emt 0:00:51]} Nxd4 {[%emt 0:00:08]} 10. Nxd4 {[%emt 0:00:37]} Qc7 {[%emt 0:00:07]} 11. Bb3 {[%emt 0:02:51]} Bd6 {[%emt 0:01:04]} 12. h3 {[%emt 0:10:44]} Nf6 {[%emt 0:01:06]} 13. c3 {[%emt 0:04:28]} O-O {[%emt 0:01:27]} 14. Bg5 {[%emt 0:03:28]} Bh2+ {[%emt 0:03:57]} 15. Kh1 {[%emt 0:00:09]} Bf4 {[%emt 0:00:07]} 16. Bxf4 {[%emt 0:07:38]} Qxf4 {[%emt 0:00:07]} 17. Qf3 {[%emt 0:01:45]} Qxf3 {[%emt 0:09:09]} 18. Nxf3 {[%emt 0:00:11]} Rd8 {[%emt 0:00:08]} 19. Rfd1 {[%emt 0:08:56]} Bd7 {[%emt 0:00:09]} 20. Ne5 {[%emt 0:01:57]} Be8 {[%emt 0:00:07]} 21. f3 {[%emt 0:01:05]} Kf8 {[%emt 0:01:14]} 22. Kg1 {[%emt 0:01:25]} Ke7 {[%emt 0:02:09]} 23. Kf2 {[%emt 0:01:00]} g5 {[%emt 0:00:12]} 24. c4 {[%emt 0:13:52]} h5 {[%emt 0:03:01]} 25. Rxd8 {[%emt 0:04:15]} Rxd8 {[%emt 0:00:06]} 26. Rd1 {[%emt 0:00:29]} Rxd1 {[%emt 0:00:24]} 27. Bxd1 {[%emt 0:00:01]} h4 {[%emt 0:00:36]} 28. b4 {[%emt 0:00:58]} Nh5 {[%emt 0:01:05]} 29. Be2 {[%emt 0:01:05]} Kd6 {[%emt 0:05:19]} 30. Nd3 {[%emt 0:01:16]} Nf4 {[%emt 0:01:06]} 31. Nc5 {[%emt 0:03:38]} Bc6 {[%emt 0:02:07]} 32. Bf1 {[%emt 0:00:31]} f5 {[%emt 0:02:13]} 33. Nb3 {[%emt 0:05:54]} Ba4 {[%emt 0:06:29]} 34. Nc5 {[%emt 0:00:41]} Bc6 {[%emt 0:00:17]} 35. Nb3 {[%emt 0:00:10]} Bd7 {[%emt 0:05:43]} 36. Na5 {[%emt 0:02:38]} Kc7 {[%emt 0:02:55]} 37. Nb3 {[%emt 0:01:51]} e5 {[%emt 0:00:46]} 38. Nc5 {[%emt 0:01:20]} Bc8 {[%emt 0:03:52]} 39. Nd3 {[%emt 0:04:32]} Kd6 {[%emt 0:01:06]} 40. Nxf4 {[%emt 0:02:46]} gxf4 {[%emt 0:00:08]} 41. Bd3 {[%emt 0:00:10]} Bd7 {[%emt 0:04:33]} 42. Ke1 {[%emt 0:08:08]} b5 {[%emt 0:02:01]} 43. cxb5 {[%emt 0:00:31]} Bxb5 {[%emt 0:09:14]} 44. Bxf5 {[%emt 0:00:16]} Kd5 {[%emt 0:00:04]} 45. Bc8 {[%emt 0:01:46]} Kc4 {[%emt 0:04:54]} 46. a4 {[%emt 0:00:18]} Bxa4 {[%emt 0:00:05]} 47. Bxa6+ {[%emt 0:00:04]} Kxb4 {[%emt 0:00:04]} 48. Kd2 {[%emt 0:00:19]} Kc5 {[%emt 0:00:19]} 49. Bd3 {[%emt 0:02:22]} Kd4 {[%emt 0:00:14]} 50. Be2 {[%emt 0:00:37]} Bc6 {[%emt 0:00:11]} 51. Bd3 {[%emt 0:00:13]} Bb7 {[%emt 0:00:06]} 52. Be2 {[%emt 0:00:20]} Bd5 {[%emt 0:00:46]} 53. Bd3 {[%emt 0:00:22]} Be6 {[%emt 0:00:14]} 54. Bf1 {[%emt 0:01:30]} Bf5 {[%emt 0:00:14]} 55. Be2 {[%emt 0:00:06]} Bg6 {[%emt 0:00:17]} 56. Bb5 {[%emt 0:02:27]} e4 {[%emt 0:04:05]} 57. fxe4 {[%emt 0:00:05]} Bxe4 {[%emt 0:00:04]} 58. Bf1 {[%emt 0:00:07]} Bd5 {[%emt 0:00:37]} 59. Ke2 {[%emt 0:00:32]} Bc4+ {[%emt 0:00:10]} 60. Kf2 {[%emt 0:00:04]} Bxf1 {[%emt 0:00:06]} 61. Kxf1 {[%emt 0:00:08]} Ke3 {[%emt 0:00:04]} 62. Ke1 {[%emt 0:00:05]} f3 {[%emt 0:00:05]} 63. gxf3 {[%emt 0:00:05]} Kxf3 {[%emt 0:00:04]} 64. Kf1 {[%emt 0:00:02]} Kg3 {[%emt 0:00:04]} 65. Kg1 {[%emt 0:00:03]} Kxh3 {[%emt 0:00:04]} 66. Kh1 {[%emt 0:00:03]} Kg3 {[%emt 0:00:05]} 67. Kg1 {[%emt 0:00:03]} h3 {[%emt 0:00:04]} 68. Kh1 {[%emt 0:00:03]} h2 1/2-1/2